Los jueces de Al Andalus / (Record no. 184315)

MARC details
000 -LEADER
campo de control de longitud fija 00834nam a2200229 i 4500
001 - NÚMERO DE CONTROL
campo de control 184315
003 - IDENTIFICADOR DE NÚMERO DE CONTROL
campo de control ES-MaACL
005 - FECHA Y HORA DE LA ÚLTIMA TRANSACCIÓN
campo de control 20231119154829.0
008 - DATOS DE LONGITUD FIJA--INFORMACIÓN GENERAL
campo de control de longitud fija 150617s2012 sp |||| | spa d
080 ## - NÚMERO DE LA CLASIFICACIÓN DECIMAL UNIVERSAL
Número de la Clasificación Decimal Universal 348.9(460=411.21):297
100 1# - ENTRADA PRINCIPAL--NOMBRE DE PERSONA
Nombre de persona Angulo Martín, Antonio.
9 (RLIN) 157060
245 14 - MENCIÓN DEL TÍTULO
Título Los jueces de Al Andalus /
Mención de responsabilidad, etc. Antonio Angulo Martín.
250 ## - MENCION DE EDICION
Mención de edición Ed. no venal.
260 ## - PUBLICACIÓN, DISTRIBUCIÓN, ETC.
Lugar de publicación, distribución, etc. Granada :
Nombre del editor, distribuidor, etc. Real Academia de Jurisprudencia y Legislación,
Fecha de publicación, distribución, etc. 2012.
300 ## - DESCRIPCIÓN FÍSICA
Extensión 79 p. ;
Dimensiones 21 cm.
504 ## - NOTA DE BIBLIOGRAFÍA, ETC.
Nota de bibliografía, etc. Bibliografía: p. 77-78.
650 04 - PUNTO DE ACCESO ADICIONAL DE MATERIA--TÉRMINO DE MATERIA
Término de materia o nombre geográfico como elemento de entrada Derecho musulmán-
Subdivisión geográfica Al-Andalus.
9 (RLIN) 157061
710 2# - ENTRADA AGREGADA--NOMBRE DE ENTIDAD CORPORATIVA
Nombre de entidad corporativa o nombre de jurisdicción como elemento de entrada Real Academia de Jurisprudencia y Legislación de Granada.
9 (RLIN) 157063
852 ## - LOCALIZACIÓN
Ubicación ES-MaACL
Número de control de estantería A-13562
itemnumber 191311
Sublocalización o colección R.150810
Ubicación en estantería Depósito 1
Signatura antigua Olim: N-6562
Donativo/Legado Donación: Real Academia Española
942 ## - ELEMENTOS DE ENTRADA SECUNDARIOS (KOHA)
Fuente del sistema de clasificación o colocación Clasificación decimal universal
Tipo de ítem Koha Libro impreso
Holdings
Estatus retirado Estado de pérdida Fuente del sistema de clasificación o colocación Estado de daño No para préstamo Biblioteca de origen Biblioteca actual Ubicación en estantería Fecha de adquisición Fuente de adquisición Total de préstamos Signatura topográfica completa Código de barras Visto por última vez Precio de reemplazo Tipo de ítem Koha
    Clasificación decimal universal     Biblioteca del Ateneo de Madrid Biblioteca del Ateneo de Madrid Depósito 1 17/06/2015 Donación   A-13562 1193904 23/02/2023 23/02/2023 Libro impreso